000 00978nam a22002417a 4500
003 DO-SdBNP
005 20230821153648.0
007 ta
008 221020b1980 dr ||||| |||| 00| 0 spa d
040 _aDO-SdBNP
_bspa
_cBNPHU
082 4 _a021.7
_bF356s, 1980
_222
111 2 _aFeria Nacional del Libro
_n(8ª :
_d1980 : 23 abril al 30 :
_cSanto Domingo)
_953138
245 1 0 _aVIII feria nacional del libro :
_bprograma /
_cdirector general Carlos Esteban Deive.
246 1 3 _aOctava feria nacional del ibro
260 _aSanto Domingo :
_bFeria del libro,
_c1980.
300 _a44 p. ;
_c23 cm.
500 _aDedicado a Héctor Inchaustegui Cabral
590 _aInventariado, 2022/BT
611 2 4 _aFeria nacional del libro
_n(8ª :
_d1980 :
_cSanto Domingo, República Dominicana)
_xCatálogo general
_953139
650 4 _aFeria del libro
_zRepública Dominicana
_xCatálogo general
_y2003
_953140
650 4 _aIndustria del libro
_zRepública Dominicana
_953136
942 _2ddc
_cLBS1
999 _c52600
_d52600